<?xml version="1.0" encoding="UTF-8"?>
<record
    xmlns:xsi="http://www.w3.org/2001/XMLSchema-instance"
    xsi:schemaLocation="http://www.loc.gov/MARC21/slim http://www.loc.gov/standards/marcxml/schema/MARC21slim.xsd"
    xmlns="http://www.loc.gov/MARC21/slim">

  <leader>01323nam a22002897a 4500</leader>
  <controlfield tag="001">4846</controlfield>
  <controlfield tag="003">FISKH</controlfield>
  <controlfield tag="005">20241017152606.0</controlfield>
  <controlfield tag="008">241017b        cb ||||| |||| 00| 0 eng d</controlfield>
  <datafield tag="020" ind1=" " ind2=" ">
    <subfield code="a">9780194794206</subfield>
  </datafield>
  <datafield tag="040" ind1=" " ind2=" ">
    <subfield code="a">FISKH</subfield>
    <subfield code="b">eng</subfield>
    <subfield code="c">FISKH</subfield>
    <subfield code="d">FISKH</subfield>
  </datafield>
  <datafield tag="050" ind1=" " ind2=" ">
    <subfield code="a">PE1126.A4</subfield>
  </datafield>
  <datafield tag="082" ind1=" " ind2=" ">
    <subfield code="a">428.6</subfield>
  </datafield>
  <datafield tag="100" ind1=" " ind2=" ">
    <subfield code="a">West, Clare </subfield>
  </datafield>
  <datafield tag="245" ind1=" " ind2=" ">
    <subfield code="a">Gazing at Stars: Stories from Asia /</subfield>
    <subfield code="c">Retold by Clare West</subfield>
  </datafield>
  <datafield tag="260" ind1=" " ind2=" ">
    <subfield code="a">Oxford :</subfield>
    <subfield code="b">Oxford University Press ;</subfield>
    <subfield code="c">2003 .</subfield>
  </datafield>
  <datafield tag="300" ind1=" " ind2=" ">
    <subfield code="a">119 pages :</subfield>
    <subfield code="b">illustrations ;</subfield>
    <subfield code="c">21 cm . </subfield>
  </datafield>
  <datafield tag="490" ind1=" " ind2=" ">
    <subfield code="a">Oxford Bookworms </subfield>
    <subfield code="v">Book 6</subfield>
  </datafield>
  <datafield tag="505" ind1=" " ind2=" ">
    <subfield code="a">S 
</subfield>
  </datafield>
  <datafield tag="520" ind1=" " ind2=" ">
    <subfield code="a">How fair is fair trade? When the American models leave the Malaysian island after their fashion shoot, they take away more than just photographs, and leave behind a family that will never be the same again.Bookworms World Stories collect stories written in English from around the world. These stories from China, India, Malaysia, and Singapore, are by writers Lui Hong, Attia Hosain, Preeta Samarasan, Hwee Hwee Tan, Ridjal Noor, Shashi Deshpande, Ovidia Yu, Nora Adam, Nirupama Subramanian, and CatherineLim.</subfield>
  </datafield>
  <datafield tag="521" ind1="8" ind2=" ">
    <subfield code="a">790 
</subfield>
    <subfield code="b">Lexile estimate 

</subfield>
  </datafield>
  <datafield tag="521" ind1="8" ind2=" ">
    <subfield code="a">S 
</subfield>
    <subfield code="b">Raz-Plus 
</subfield>
  </datafield>
  <datafield tag="650" ind1=" " ind2=" ">
    <subfield code="a">old wedding ceremony</subfield>
    <subfield code="v">fiction</subfield>
  </datafield>
  <datafield tag="700" ind1=" " ind2=" ">
    <subfield code="a">Bassett, Jennifer</subfield>
    <subfield code="e">Series Editor </subfield>
  </datafield>
  <datafield tag="942" ind1=" " ind2=" ">
    <subfield code="2">ddc</subfield>
    <subfield code="c">BK</subfield>
    <subfield code="n">0</subfield>
  </datafield>
  <datafield tag="999" ind1=" " ind2=" ">
    <subfield code="c">4846</subfield>
    <subfield code="d">4846</subfield>
  </datafield>
  <datafield tag="952" ind1=" " ind2=" ">
    <subfield code="0">0</subfield>
    <subfield code="1">0</subfield>
    <subfield code="2">ddc</subfield>
    <subfield code="4">0</subfield>
    <subfield code="7">0</subfield>
    <subfield code="8">FIC</subfield>
    <subfield code="a">001</subfield>
    <subfield code="b">001</subfield>
    <subfield code="c">SBS</subfield>
    <subfield code="d">2024-10-17</subfield>
    <subfield code="l">0</subfield>
    <subfield code="o">WES 428.6 PE1126.A4</subfield>
    <subfield code="p">FISSE03166</subfield>
    <subfield code="r">2024-10-17 15:26:01</subfield>
    <subfield code="w">2024-10-17</subfield>
    <subfield code="y">BK</subfield>
  </datafield>
</record>
